000 00295nam a2200121Ia 4500
008 190902s9999||||xx |||||||||||||| ||und||
020 _a0-434-9048-2
100 _aC.Davis Fogg
245 0 _aTeam-Based Strategic Planning
260 _aLondon
_bPrentice Hall
_c2008
300 _a337
942 _cBK
999 _c2856
_d2856